Дело об определении лекаря Шацкого врачем при Минском казенном еврейском училище 2-го разряда

Доступно только в Электронных читальных залах Найти на картеНа карте
RUSMARC
00003549nmc2a2200000 x 450
0019bc51340-481b-4391-a1a0-e1e5aacaedc9
00520160706165515.0
100##$a20150814l18611862k l0rusy0189 ca
1010#$arus
102##$aRU
2001#$aДело об определении лекаря Шацкого врачем при Минском казенном еврейском училище 2-го разряда
$j11 февраля 1861 г. - 31 марта 1862 г.
251##$cДело
300##$aДело
801#0$aRU
$bРГИА
$c20150814
$gRCR
801#1$aRU
$bГлавНИВЦ
$c20150814
$2rusmarc
801#2$aRU
$bПБ им. Б.Н. Ельцина
$c20160706
$gRCR
$2rusmarc
850##$aРГИА
852##$aРГИА
$eФедеральное казенное учреждение "Российский государственный исторический архив" (РГИА)
$j610
937##$hРГИА
$d12087970
$aASBIBLIO_SCAN
462#0$10012b27dfda-2c9d-44cf-86d6-db2e6106e749
$12001
$aДела по еврейским казенным училищам за 1856-1862 гг.
$1251
$cОпись
$1852
$j98
461#0$1001a74412a3-3cc5-4d21-8f0a-dfe2fbd9e72d
$12001
$aДепартамент народного просвещения Министерства народного просвещения (1803-1917)
$1251
$cФонд
$1852
$j733
215##$a9 л.
$d36,5х26 см
371##$aДокумент не является опубликованным и широко распространяемым
105##$ay###
1222#$ad
035##$a9bc51340-481b-4391-a1a0-e1e5aacaedc9
Формат отображения